书目信息 |
| 题名: |
调香手记
|
|
| 作者: | 蔡锦文 著 | |
| 分册: | ||
| 出版信息: | 北京 华夏出版社 2021.4 |
|
| 页数: | 223页 | |
| 开本: | 23cm | |
| 丛书名: | ||
| 单 册: | ||
| 中图分类: | TQ654 | |
| 科图分类: | ||
| 主题词: | 香精油--基本知识 | |
| 电子资源: | ||
| ISBN: | 978-7-5080-9390-1 | |
| 000 | 01626nam0 2200289 45 | |
| 001 | 012001001220 | |
| 005 | 20140913102532.0 | |
| 010 | @a978-7-5080-9390-1@dCNY68.00 | |
| 100 | @a20180726d2018 em y0chiy50 ea | |
| 101 | 0 | @achi |
| 102 | @aCN@b110000 | |
| 105 | @aa z 000yy | |
| 106 | @ar | |
| 200 | 1 | @a调香手记@Atiao xiang shou ji@b专著@dMaking natural perfumes@e55种天然香料萃取实录@f蔡锦文著@zeng |
| 210 | @a北京@c华夏出版社@d2021.4 | |
| 215 | @a223页@c彩图@d23cm | |
| 300 | @a并列题名:Making natural perfumes | |
| 300 | @a其他题名:55种天然香料萃取实录 | |
| 314 | @a蔡锦文,台湾高雄县旗山人,一边致力动植物插画及相关书籍写作,一边享受萃取香气之乐趣。2008年秋天,感受到Mystra(Aesop)香水带来的神秘香气,生命受到启发,从此爱上创作天然香水。著有《世界猫头鹰图鉴》《世界鹦鹉图鉴》《雁鸭》《鸟巢》等书。 | |
| 330 | @a本书图解四种香料萃取方法(合香、浸泡、挤压、脂吸),从五大类(花朵、果实、草叶、芳香中草药、动物性香料)入手,细说55种天然香料的特色与萃取过程,提供调香建议与技巧,无需昂贵设备就能提取原精,调配香水。全书详细图解,初学者也能轻松上手。萃取出的天然香料,除了用来调配香水,也可运用在芳疗、制作手工皂、按摩油、面霜、香砖等香氛保养品中。香水达人蔡锦文居家萃取天然香料,历经七年的完整手记,深入分析每一种香料萃取时的关键要领与调香建议。300多张超清图解,跟着做,超实用! 本书还介绍了天然香水历史,兼具人文与实用价值。 | |
| 510 | 1 | @aMaking natural perfumes@zeng |
| 517 | 1 | @a55种天然香料萃取实录@A55 zhong tian ran xiang liao cui qu shi lu |
| 606 | 0 | @a香精油@x基本知识 |
| 690 | @aTQ654@v5 | |
| 701 | 0 | @a蔡锦文@Acai jin wen@4著 |
| 801 | 0 | @aCN@bBJSDL@c20211011 |
| 905 | @b1333514-7@dTQ654@e93@f4 | |
| 调香手记=Making natural perfumes:55种天然香料萃取实录/蔡锦文著.-北京:华夏出版社,2021.4 |
| 223页:彩图;23cm |
| 并列题名:Making natural perfumes.-其他题名:55种天然香料萃取实录 |
| ISBN 978-7-5080-9390-1:CNY68.00 |
| 本书图解四种香料萃取方法(合香、浸泡、挤压、脂吸),从五大类(花朵、果实、草叶、芳香中草药、动物性香料)入手,细说55种天然香料的特色与萃取过程,提供调香建议与技巧,无需昂贵设备就能提取原精,调配香水。全书详细图解,初学者也能轻松上手。萃取出的天然香料,除了用来调配香水,也可运用在芳疗、制作手工皂、按摩油、面霜、香砖等香氛保养品中。香水达人蔡锦文居家萃取天然香料,历经七年的完整手记,深入分析每一种香料萃取时的关键要领与调香建议。300多张超清图解,跟着做,超实用! 本书还介绍了天然香水历史,兼具人文与实用价值。 |
| ● |
| 相关链接 |
|
|
|
|
正题名:调香手记
索取号:TQ654/93
 
预约/预借
| 序号 | 登录号 | 条形码 | 馆藏地/架位号 | 状态 | 备注 |
| 1 | 1333514 | 213335149 | 第二样本阅览室/ [索取号:TQ654/93] | 在馆 | |
| 2 | 1333515 | 213335158 | 第三借阅区/ [索取号:TQ654/93] | 在馆 | |
| 3 | 1333516 | 213335167 | 第三借阅区/ [索取号:TQ654/93] | 在馆 | |
| 4 | 1333517 | 213335176 | 第三借阅区/ [索取号:TQ654/93] | 在馆 |